Statistics for The USA Quiz - C

Click here to take the quiz!

General Stats

  • This quiz has been taken 242 times
    (207 since last reset)
  • The average score is 22 of 38

Answer Stats

ClueAnswer% Correct
US States beginning with CColorado
93%
Had an affair with Monica LewinskyBill {Clinton}
92%
US States beginning with CCalifornia
90%
Best selling soft drink producersCoca-Cola
88%
39th PresidentJimmy {Carter}
86%
US States beginning with CConnecticut
83%
Actor in Top Gun and Mission ImpossibleTom Cruise
83%
Largest Cities beginning with CColumbus
83%
Federal holiday to mark discovery of the AmericasColumbus Day
83%
Replaced the cassette player for music storageCompact Disc
78%
Political tensions after WW2 against the Soviet UnionCold War
75%
Lets consumers buy goods without having the moneyCredit Card
74%
22nd / 24th PresidentGrover {Cleveland}
73%
Spun sugar found at circusesCotton candy
70%
30th PresidentCalvin {Coolidge}
64%
NFLArizona {Cardinals}
64%
Major LeagueSt Louis {Cardinals}
64%
Largest Cities beginning with CChicago
61%
NFLIndianapolis {Colts}
59%
Major LeagueBoston {Celtics}
57%
NFLKansas City {Chiefs}
56%
Formed by the Slave statesConfederate States of America
56%
NFLSan Diego {Chargers}
54%
Co-lead the expedition after the Louisiana PurchaseWilliam Clark
51%
Played Dr. Ross in ERGeorge Clooney
50%
New England seafood stew served on FridayClam Chowder
48%
What they fought the Union inCivil War
48%
Longest serving host of the Tonight ShowJohnny Carson
46%
NBALos Angeles {Clippers}
41%
NHLWashington {Capitals}
37%
Largest Cities beginning with CCharlotte
34%
Seafood from Maryland with breadcrumbsCrab cake
32%
America's largest internet providerComcast
30%
Big 6 Oil CompanyChevron
30%
Carries skiers up the mountainChairlift
29%
NHLArizona {Coyotes}
26%
Removing water from milkCondensed milk
19%
Big 6 Oil CompanyConocoPhillips
9%

Score Distribution

Percentile by Number Answered

Percent of People with Each Score

Your Score History

You have not taken this quiz since the last reset